Central Library OPAC University of Rajshahi

Special English for hotel personnel / (Record no. 21454)

MARC details
000 -LEADER
fixed length control field 00890cam a22002652 4500
001 - CONTROL NUMBER
control field 21454
003 - CONTROL NUMBER IDENTIFIER
rucl marc code BD-RjUL
005 - DATE AND TIME OF LATEST TRANSACTION
control field 20211209000704.0
008 - FIXED-LENGTH DATA ELEMENTS--GENERAL INFORMATION
fixed length control field 140304m1972 nyua 001 0 eng d
035 ## - SYSTEM CONTROL NUMBER
System control number (BD-RjUL)21518
040 ## - CATALOGING SOURCE
Original cataloging agency DLC
Transcribing agency DLC
Modifying agency BD-RjUL
Language of cataloging eng
041 ## - LANGUAGE CODE
Language code of text/sound track or separate title eng
082 00 - DEWEY DECIMAL CLASSIFICATION NUMBER
Classification number 428.34
Author mark and year WOS 1972
100 1# - MAIN ENTRY--PERSONAL NAME
Personal name Worsdall, Vivien.
9 (RLIN) 66281
245 10 - TITLE STATEMENT
Title Special English for hotel personnel /
260 ## - PUBLICATION, DISTRIBUTION, ETC. (IMPRINT)
Place of publication, distribution, etc. New York :
Name of publisher, distributor, etc. Collier-Macmillan International,
Date of publication, distribution, etc. 1972.
300 ## - PHYSICAL DESCRIPTION
Pagination vii, 135 p. :
Illustrations illus. ;
Size 22 cm.
500 ## - GENERAL NOTE
General note Includes index.
650 #0 - SUBJECT ADDED ENTRY--TOPICAL TERM
Topical term or geographic name as entry element English language
Form subdivision Conversation and phrase books (for restaurant and hotel personnel)
9 (RLIN) 66282
Topical term or geographic name as entry element Hotel management
General subdivision Terminology
-- Problems, exercises, etc.
9 (RLIN) 66283
Topical term or geographic name as entry element English language
Form subdivision Textbooks for foreign speakers.
9 (RLIN) 22763
942 ## - ADDED ENTRY ELEMENTS (KOHA)
Source of classification or shelving scheme Dewey Decimal Classification
Koha item type Books
Holdings
Lost status Source of classification or shelving scheme Damaged status Not for loan Collection code Permanent Location Current Location Shelving location Date acquired Source of acquisition Cost, normal purchase price Total Checkouts Full call number Date last seen Copy number Koha item type
  Dewey Decimal Classification     Non-fiction Central Library, University of Rajshahi Central Library, University of Rajshahi   25/06/1989 GIFT 0.00   428.34 WOS 1972 04/03/2014 C-2 Books